Danse avec les Stars - Partenaires de Adrien Caby - Statistiques

Statistiques générales
  • Ce quiz a été pris 93 fois
    44 depuis la dernière actualisation
  • Le résultat moyen est 3 sur 5
Statistiques - réponses
Saisons Professions Célébritées % Correct
Saison 15 Influenceuse Maghla
97%
Saison 13 Chanteuse et prof de chant Adeline Toniutti
84%
Saison 14 Chanteuse Julie Zenatti
78%
Saison 12 Chanteuse Anggun
44%
Saison 11 Chanteuse Aurélie Pons
44%
Aucun quiz correspondant
Distribution des résultats
% des personnes avec chaque résultat
Percentile par nombre de réponses
Votre historique - résultats
Vous n’avez pas pris ce quiz depuis la dernière actualisation